Φορτώνει......

Parliamentary democracy and political change in India /

Λεπτομέρειες βιβλιογραφικής εγγραφής
Κύριος συγγραφέας: Biju, Mr
Γλώσσα:Undetermined
Έκδοση: New Delhi : Kanishka Publishers , 1999.
Θέματα:
LEADER 00680nam a2200169Ia 4500
001 132657
008 170722s9999 xx 000 0 und d
020 |a 8173912831 
100 |a Biju, Mr 
245 |a Parliamentary democracy and political change in India / 
260 |a New Delhi :  |b Kanishka Publishers ,  |c 1999. 
300 |a 344 p.  |c 23cms 
653 |a Indian History 
942 |c GEN 
999 |c 118373  |d 118373 
952 |0 0  |1 0  |4 0  |6 V_23_N8_N9N91  |7 0  |8 LC1  |9 167358  |a LIB  |b LIB  |d 2017-08-12  |h LC1  |o V2,3.N8 N9-N9;1  |p 232345  |r 2017-08-12  |v 595.00  |w 2017-08-12  |y GEN 
952 |0 0  |1 0  |4 0  |6 V_23_N8_N9N91  |7 0  |8 LC1  |9 167359  |a LIB  |b LIB  |d 2017-08-12  |h LC1  |o V2,3.N8 N9-N9;1  |p 237209  |r 2017-08-12  |v 595.00  |w 2017-08-12  |y GEN